| 000 | 01164nam0a22003011 4500 | ||
|---|---|---|---|
| 001 | RU\INFOCOMM_317\NLR\5000045828 | ||
| 005 | 20250614081304.0 | ||
| 035 | _a(NLR Aleph) 010643759 | ||
| 090 |
_a10679756 _c10679756 |
||
| 100 | _a20130403d1984 |||y0rusy50 ca | ||
| 101 | 1 |
_aeng _crus |
|
| 102 | _aRU | ||
| 105 | _ay z|||| | ||
| 200 | 1 |
_aQuantum mechanics _fA. A. Sokolov, I. M. Ternov a. V. Ch. Zhukovskii _gTransl. from the Russ. by Ram S. Wadhwa, Ph. D. |
|
| 205 | _aRev. from the 1979 Russ. ed. | ||
| 210 |
_aM. _cMir _d1984 |
||
| 215 |
_a496 с. _cил. _d22 см |
||
| 300 | _aВ вып. дан.: Квантовая механика / Арсений Александрович Соколов, Игорь Михайлович Тернов, Владимир Чеславович Жуковский | ||
| 620 | _aМосква | ||
| 686 |
_aВ314 _2rubbk |
||
| 700 | 1 |
_aSokolov _bA. A. _f1910-1986 _gArsenij Aleksandrovič |
|
| 701 | 1 |
_aTernov _bI. M. _gIgor' Michajlovič |
|
| 701 | 1 |
_aZukovskij _bV. C. _gVladimir Ceslavovič |
|
| 801 | 1 |
_aRU _bInfocomm _c20130403 |
|
| 801 | 0 |
_aRU _bINFOCOMM _gPSBO |
|
| 852 |
_aNLR _jФз01 Д-5/348 |
||
| 942 | _cBOOK | ||
| 980 | _aNB | ||